Strzelcy bramek dla Polski w finałach ME w piłce nożnej. - Statystyki

Ogólne statystyki
  • Ten quiz został rozwiązany 215 razy
    95 od ostatniego zresetowania
  • Średni wynik to 5 z 7
Statystyki odpowiedzi
Liczba goli Rok Zawodnik % Poprawnych
6 2012-2024 Robert Lewandowski
100%
3 2012-2016 Jakub Błaszczykowski
93%
1 2016 Arkadiusz Milik
86%
1 2024 Krzysztof Piątek
80%
1 2024 Adam Buksa
78%
1 2021 Karol Linetty
55%
1 2008 Roger Guerreiro
47%
Nie znaleziono quizów pasujących do podanych kryteriów
Rozkład punktacji
Procent ludzi z każdym wynikiem
Percentyl według liczby udzielonych odpowiedzi
Twoja historia wyników
Nie rozwiązałeś tego quizu od ostatniego zresetowania